000
00222nam a2200097Ia 4500
008
170619s9999 xx 000 0 und d
100
_a
Balagurusamy E
245
0
_a
PROGRAMMING IN ANSI C
260
_b
Mc Graw Hill
260
_c
2008
546
_a
ENGLISH
999
_c
18871
_d
18871